| 000 | 00715nam a2200241 a 4500 | ||
|---|---|---|---|
| 001 | 70268 | ||
| 003 | BD-RjUL | ||
| 005 | 20211209082000.0 | ||
| 008 | 170416s1981 maua 001 0 eng | ||
| 020 | _a0871503077 | ||
| 035 | _a(BD-RjUL)70482 | ||
| 040 |
_aDLC _cDLC _dDLC _dBD-RjUL _beng |
||
| 041 | _aeng | ||
| 082 | 0 | 0 |
_223 _a512.13 _bSWF 1981 |
| 100 | 1 |
_aSwokowski, Earl William, _d1926- _9153359 |
|
| 245 | 1 | 0 |
_aFundamentals of algebra and trigonometry / _cEarl W. Swokowski. |
| 250 | _a5th ed. | ||
| 260 |
_aBoston, Mass. : _bPrindle, Weber & Schmidt, _cc1981. |
||
| 300 |
_ax, 523, 40 p. : _bill. ; _c24 cm. |
||
| 500 | _aIncludes index. | ||
| 650 | 0 |
_aAlgebra and trigonometry. _9207909 |
|
| 942 |
_2ddc _cBK |
||
| 999 |
_c70268 _d70268 |
||